Launching the imagination : Two-dimensional design

Сохранить в:
Библиографические подробности
Главный автор: Stewart, Mary
Формат:
Язык:Undetermined
Опубликовано: New York, NY. McGraw-Hill Higher Education 2002
Предметы:
Метки: Добавить метку
Нет меток, Требуется 1-ая метка записи!
Thư viện lưu trữ: Trung tâm Học liệu Trường Đại học Cần Thơ
LEADER 00616nam a2200217Ia 4500
001 CTU_109823
008 210402s9999 xx 000 0 und d
020 |c 9.94 
082 |a 741.6 
082 |b S851 
100 |a Stewart, Mary 
245 0 |a Launching the imagination : 
245 0 |b Two-dimensional design 
245 0 |c Mary Stewart 
260 |a New York, NY. 
260 |b McGraw-Hill Higher Education 
260 |c 2002 
650 |a Design 
904 |i Minh, Q. Hieu 
910 |a Sách kèm theo đĩa CD co số: CN.010751, AV.005489 
980 |a Trung tâm Học liệu Trường Đại học Cần Thơ